000 00456pab a2200169 454500
008 180718b2008 xxu||||| |||| 00| 0 eng d
100 _aBimal, Kumar
245 _aPoint of salience for the development of a limping state
260 _c2008
300 _ap.38-43.
362 _aOct-Dec
650 _aEconomic and social development - India - Bihar
650 _aEconomic and social development
773 _aDialogue
908 _aN
909 _a80969
999 _c80969
_d80969